000 00269nam a22001337a 4500
008 170920b xxu||||| |||| 00| 0 eng d
020 _a9780500810088
041 _aeng
080 _a7
100 _a45
101 _aART
245 _aMAGIC
_cKING.F
942 _2udc
_cBK
999 _c28491
_d28491